| 000 | 00421nam a2200181Ia 4500 | ||
|---|---|---|---|
| 001 | 16109 | ||
| 005 | 20260306170245.0 | ||
| 008 | 260306t2017||||xx |||||||||||||| ||und|| | ||
| 041 | _aESP | ||
| 082 |
_a346.6094 _bK468 |
||
| 100 |
_aKotz, Hein _eAUT |
||
| 245 | 0 | _aEuropean contract law | |
| 260 | _c2017 | ||
| 300 |
_axxviii, 360 páginas : _c25 cm. |
||
| 650 | _aGEN | ||
| 654 | _aCDE | ||
| 942 |
_cLIB _dJUS _fJUS _2ddc _n |
||
| 999 |
_c16109 _d16109 |
||